Statistics for Every EFL League Two Goalscorer (2021/22)

Click here to take the quiz!

General Stats

  • This quiz has been taken 6 times
  • The average score is 42 of 360

Answer Stats

Player% Correct
Jamille Matt
83%
Aaron Collins
67%
Harry McKirdy
67%
Matt Smith
67%
Alistair Smith
50%
Brandon Thomas-Asante
50%
Dom Telford
50%
Elliot Anderson
50%
Freddie Sears
50%
George Williams
50%
Harry Smith
50%
Jake Young
50%
James Wilson
50%
John Rooney
50%
Jonny Williams
50%
Kane Wilson
50%
Lewis Collins
50%
Matty Stevens
50%
Nathan Smith
50%
Tommy Smith
50%
Will Smith
50%
Aaron Drinan
33%
Alan Judge
33%
Brad Walker
33%
Brennan Dickenson
33%
Brett Pitman
33%
Cameron Wilson
33%
Conor Wilkinson
33%
Danny Johnson
33%
Davis Keillor-Dunn
33%
Dimitri Sea
33%
Donervon Daniels
33%
Donovan Wilson
33%
Elliott List
33%
George Maris
33%
George Thomson
33%
Harry Anderson
33%
Ian Henderson
33%
Jack Muldoon
33%
Jamie Walker
33%
Joe Riley
33%
Jon Guthrie
33%
Jordan Bowery
33%
Jordan Gibson
33%
Jordan Stevens
33%
Louie Barry
33%
Louis John
33%
Luke Chambers
33%
Matt Done
33%
Matt Jay
33%
Matty Longstaff
33%
Morgan Feeney
33%
Nicky Cadden
33%
Omari Patrick
33%
Paudie O'Connor
33%
Tom Davies
33%
Tom Elliott
33%
Tom James
33%
Tom Nichols
33%
Yann Songo'o
33%
Aaron McGowan
17%
Alex Gilliead
17%
Alex Pattison
17%
Andy Cook
17%
Aramide Oteh
17%
Ashley Eastham
17%
Ash Taylor
17%
Ben Garrity
17%
Brendan Kiernan
17%
Bryn Morris
17%
Callum Cooke
17%
Callum Whelan
17%
Calum MacDonald
17%
Cameron Norman
17%
Christopher Missilou
17%
Connor Taylor
17%
Conor Grant
17%
Conor McAleny
17%
Craig Clay
17%
Danny Rose
17%
Darren Pratley
17%
David Ferguson
17%
Devante Rodney
17%
Dion Conroy
17%
Ebou Adams
17%
Elliot Watt
17%
Emmanuel Osadebe
17%
Eoghan O'Connell
17%
Farrend Rawson
17%
Finn Azaz
17%
Fraser Horsfall
17%
George Francomb
17%
George Miller
17%
Harry Beautyman
17%
Harry Charsley
17%
Harry Davis
17%
Jack Diamond
17%
Jack Powell
17%
Jake Caprice
17%
Jake Reeves
17%
Jake Taylor
17%
James Clarke
17%
James Gibbons
17%
James Jones
17%
James Perch
17%
James Tilley
17%
Jamie Proctor
17%
Jay Spearing
17%
Jevani Brown
17%
Joe Grey
17%
John Akinde
17%
Jon Mellish
17%
Jordan Brown
17%
Jordan Clarke
17%
Jordan Moore-Taylor
17%
Jordan Turnbull
17%
Josh Gordon
17%
Josh Grant
17%
Josh Kay
17%
Josh Morris
17%
Kenny Davis
17%
Kevin Ellison
17%
Kieron Morris
17%
Kristian Dennis
17%
Kwesi Appiah
17%
Kyle Taylor
17%
Lee Angol
17%
Leon Clarke
17%
Liam Shephard
17%
Louis Reed
17%
Luke Armstrong
17%
Luke Molyneux
17%
Luke Norris
17%
Matt Dolan
17%
Matty Willock
17%
Max Clark
17%
Max Taylor
17%
Mickey Demetriou
17%
Nick Tsaroulla
17%
Nicky Featherstone
17%
Nicky Maynard
17%
Offrande Zanzala
17%
Ollie Banks
17%
Ollie Clarke
17%
Omar Beckles
17%
Owen Windsor
17%
Paul Smyth
17%
Peter Clarke
17%
Regan Hendry
17%
Rhys Oates
17%
Richie Bennett
17%
Rod McDonald
17%
Rory McArdle
17%
Ryan Haynes
17%
Ryan Loft
17%
Sam Hoskins
17%
Sam Perry
17%
Scot Bennett
17%
Simon Power
17%
Stephen Quinn
17%
Timothée Dieng
17%
Tobi Sho-Silva
17%
Tom Eastman
17%
Tony Craig
17%
Tristan Abrahams
17%
Tyrese Shade
17%
Zack Clough
17%
Aaron Amadi-Holloway
0%
Aaron Jarvis
0%
Aaron Lewis
0%
Aaron Martin
0%
Aaron Morley
0%
Abraham Odoh
0%
Alex Fisher
0%
Alex Newby
0%
Alfie Beestin
0%
Alfie Kilgour
0%
Antony Evans
0%
Armando Dobra
0%
Ashley Hunter
0%
Ashley Nadesan
0%
Ben Coker
0%
Ben Gladwin
0%
Ben Goodliffe
0%
Benny Ashley-Seal
0%
Benny Couto
0%
Brahima Diarra
0%
Brendan Wiredu
0%
Callum McManaman
0%
Calum Kavanagh
0%
Caolan Lavery
0%
Carl Piergianni
0%
Chanka Zimba
0%
Charles Vernam
0%
Charlie Jolley
0%
Chay Cooper
0%
Cheick Diabate
0%
Chris Lines
0%
Cian Harries
0%
Coby Rowe
0%
Connor Hall
0%
Corey O'Keeffe
0%
Corie Andrews
0%
Corrie Ndaba
0%
Courtney Baker-Richardson
0%
Craig Eastmond
0%
Danilo Orsi
0%
Danny Cashman
0%
Dan Sweeney
0%
David Ajiboye
0%
David Amoo
0%
David Worrall
0%
Dennis Politic
0%
Dion Pereira
0%
Dom Bernard
0%
Dylan Bahamboula
0%
Elliott Hewitt
0%
Elliott Nevitt
0%
Ellis Iandolo
0%
Emyr Huws
0%
Enzio Boldewijn
0%
Ethan Coleman
0%
Gareth Evans
0%
Gavan Holohan
0%
George Broadbent
0%
George Lapslie
0%
George Ray
0%
George Taft
0%
Hallam Hope
0%
Harry Bunn
0%
Harry Kite
0%
Harry Vaughan
0%
Harvey Saunders
0%
Isaac Fletcher
0%
Isaac Hutchinson
0%
Isaac Olaofe
0%
Jack Aitchison
0%
Jack Earing
0%
Jack Payne
0%
Jack Sowerby
0%
Jack Sparkes
0%
Jack Stobbs
0%
Jai Rowe
0%
Jake Beesley
0%
Jake Hessenthaler
0%
Jake Scrimshaw
0%
James Ball
0%
James Connolly
0%
James Waite
0%
Jamie Bowden
0%
Jamie Hopcutt
0%
Jamie Murphy
0%
Jamie Reid
0%
Jamie Sterry
0%
Jason Lowe
0%
Jimmy Keohane
0%
Joe Grayson
0%
Joe Kizzi
0%
Joel Lynch
0%
Joe Nuttall
0%
Joe Tomlinson
0%
John-Joe O'Toole
0%
Jonathan Grounds
0%
Jordan Tunnicliffe
0%
Josh Andrews
0%
Josh Dacres-Cogley
0%
Josh Davison
0%
Josh Eppiah
0%
Josh Hawkes
0%
Josh March
0%
Josh McPake
0%
Joshua Key
0%
Junior Luamba
0%
Junior Tchamadeu
0%
Kane Hemmings
0%
Kian Harratt
0%
Kieran Phillips
0%
Kion Etete
0%
Levi Sutton
0%
Lewis Alessandra
0%
Lewis Page
0%
Lewis Warrington
0%
Liam Kelly
0%
Lloyd Kerry
0%
Louis Appéré
0%
Luca Hoole
0%
Lucas Akins
0%
Ludwig Francillette
0%
Luke Charman
0%
Luke Prosser
0%
Mal Benning
0%
Manny Onariase
0%
Mark Cullen
0%
Mark Shelton
0%
Mathieu Baudry
0%
Matthew Platt
0%
Matty Daly
0%
Matty Foulds
0%
Matty Lund
0%
Michael Bostwick
0%
Mike Fondop
0%
Mitch Pinnock
0%
Myles Hippolyte
0%
Myles Kenlock
0%
Neill Byrne
0%
Niall Canavan
0%
Nick Anderton
0%
Nigel Atangana
0%
Noah Chilvers
0%
Oli Cooper
0%
Oliver Hawkins
0%
Omar Bogle
0%
Omar Bugiel
0%
Otis Khan
0%
Owura Edwards
0%
Pádraig Amond
0%
Paul Glatzel
0%
Paul Lewis
0%
Ricky Aguiar
0%
Ricky Korboa
0%
Robbie Gotts
0%
Robbie Willmott
0%
Robert Milsom
0%
Rob Street
0%
Rollin Menayese
0%
Romoney Crichlow
0%
Ruel Sotiriou
0%
Ryan Edmondson
0%
Ryan Stirk
0%
Ryan Watson
0%
Sam Ashford
0%
Sam Burns
0%
Sam Finley
0%
Sam Foley
0%
Sam Hart
0%
Sam Nicholson
0%
Sam Nombe
0%
Sam Stubbs
0%
Scott Cuthbert
0%
Sion Spence
0%
Stephen Kelly
0%
Stephen McLaughlin
0%
Sylvester Jasper
0%
Tahvon Campbell
0%
Theo Archibald
0%
Theo Robinson
0%
Theo Vassell
0%
Tom Conlon
0%
Tom Crawford
0%
Tom Dallison
0%
Tom Pett
0%
Tyler Burey
0%
Tyreece Simpson
0%
Tyreik Wright
0%
Warren Burrell
0%
Will Ferry
0%
Will Goodwin
0%
Will Randall
0%
Will Sutton
0%

Score Distribution

Percentile by Number Answered

Percent of People with Each Score

Your Score History

You have not taken this quiz